Catálogo público

Propiedades viscoelásticas de un producto lácteo fermentado enriquecido con aceite de semilla de uva microencapsulado / (Record no. 177372)

MARC details
000 -CABECERA
campo de control de longitud fija 03667nam a2200505Ia 4500
001 - NÚMERO DE CONTROL
campo de control dia_6452
003 - IDENTIFICADOR DEL NÚMERO DE CONTROL
campo de control CHAP
005 - FECHA Y HORA DE LA ÚLTIMA TRANSACCIÓN
campo de control 20240912122905.0
007 - CAMPO FIJO DE DESCRIPCIÓN FÍSICA--INFORMACIÓN GENERAL
campo de control de longitud fija ta
008 - DATOS DE LONGITUD FIJA--INFORMACIÓN GENERAL
campo de control de longitud fija 220117s2012 mx ado fsm 001 0 spa d
010 ## - NÚMERO DE CONTROL DE LA BIBLIOTECA DEL CONGRESO
Número de control de LC 177372
040 ## - FUENTE DE LA CATALOGACIÓN
Centro/agencia transcriptor CHAP
Centro catalogador/agencia de origen mxchpua
Normas de descripción rda
041 0# - CÓDIGO DE LENGUA
Código de lengua del texto/banda sonora o título independiente spa
Código de lengua del sumario o resumen eng
090 ## - LOCALMENTE ASIGNADO TIPO-LC NÚMERO DE CLASIFICACIÓN (OCLC); NÚMERO DE CLASIFICACIÓN LOCAL (RLIN)
Número de clasificación (OCLC) (R) ; Numero de clasificación, CALL (RLIN) (NR) Tesis
Número cutter local (OCLC) ; Número de libro/Signatura topográfica íntegra, CALL (RLIN) C84
año 2012
100 1# - ENTRADA PRINCIPAL--NOMBRE DE PERSONA
Nombre de persona Cuevas Bernardino, Juan Carlos
240 10 - TÍTULO UNIFORME
Título uniforme Viscoelastic properties of a fermented dairy product enriched with microcapsulated grape seed oil.
Lenguaje de la obra Español
245 10 - MENCIÓN DE TÍTULO
Título Propiedades viscoelásticas de un producto lácteo fermentado enriquecido con aceite de semilla de uva microencapsulado /
Mención de responsabilidad, etc. Juan Carlos Cuevas Bernardino
264 ## - PRODUCCIÓN, PUBLICACIÓN, DISTRIBUCIÓN, FABRICACIÓN Y COPYRIGHT
Producción, publicación, distribución, fabricación y copyright Chapingo, México :
Nombre del de productor, editor, distribuidor, fabricante El autor,
Fecha de producción, publicación, distribución, fabricación o copyright 2012
300 ## - DESCRIPCIÓN FÍSICA
Extensión xii, 87 hojas :
Otras características físicas ilustraciones, gráficas, tablas, fotos +
Material acompañante/anejo 1 CD-ROM
336 ## - TIPO DE CONTENIDO
Fuente rdacontent
Término de tipo de contenido texto
Código de tipo de contenido txt
337 ## - TIPO DE MEDIO
Fuente rdamedia
Nombre/término del tipo de medio no mediado
Código del tipo de medio n
338 ## - TIPO DE SOPORTE
Fuente rdacarrier
Nombre/término del tipo de soporte volumen
Código del tipo de soporte nc
500 ## - NOTA GENERAL
Nota general El CD contiene reporte
502 ## - NOTA DE TESIS
Nota de tesis Tesis
Tipo de título (Maestro en Ciencias en Ciencia y Tecnología Agroalimentaria) --
Nombre de la institución que otorga el título UACh. Departamento de Ingeniería Agroindustrial,
Año de obtención del título 2012
504 ## - NOTA DE BIBLIOGRAFÍA, ETC.
Nota de bibliografía, etc. Bibliografía: hojas 74-87
520 3# - SUMARIO, ETC.
Sumario, etc. El objetivo de este trabajo fue determinar la composicion quimica, sineresis, propiedades visoelasticas y la aceptabilidad de los atributos sensoriales de productos lacteos fermentados bajos en grasa enriquecidos con aceite de semilla de uva microencapsulado. Un producto lacteo fermentado completo en grasa (PLFCG, 30 g de grasa L-1) y un producto lacteo fermentado bajo en grasa (PLFBG, 15 g de grasa L-1) fueron preparados como controles. Dos productos lacteos fermentados bajos en grasa (15 g de grasa L-1) usando leche adicionada con 5 g de microcapsulas MWPC-PT100 3:1 (PLFPT100) y 5 g de microcapsulas MWPC-PC 3:1 (PLFPC). PLFPC y PLFPT100 presentaron valores de sinéresis similares al PLFCG y parametros reologicos menores a aquellos mostrados por los controles. Ademas el PLFPT100 tuvo mayor calificacion en la aceptabilidad sensorial --
520 3# - SUMARIO, ETC.
Sumario, etc. The objective of this work was to determine the general chemical composition, syneresis, viscoelastic properties, and the acceptability of the sensory attributes of low-fat fermented dairy products enriched with microencapsulated grape seed oil. A PLFCG full-fat fermented dairy product (PLFCG, 30 g of fat L-1), and a low-fat fermented dairy product (PLFBG, 15 g of fat L-1) were prepared as controls. Two low-fat fermented dairy products were prepared (15 g of fat L-1) using milk added with 5 g of microcapsules MWPC-PT100 3:1 (PLFPT100), and 0.5 g of microcapsules MWPC-PC 3:1 (PLFPC). PLFPC and PLFPT100 presented values of syneresis similar to PLFCG and lower rheological parameters to those showed by the controls. In addition, the PLFPT100 had higher acceptability sensory scores
650 13 - PUNTO DE ACCESO ADICIONAL DE MATERIA--TÉRMINO DE MATERIA
Término de materia o nombre geográfico como elemento de entrada Aceite de semilla de uva
Fuente del encabezamiento o término atg
650 13 - PUNTO DE ACCESO ADICIONAL DE MATERIA--TÉRMINO DE MATERIA
Término de materia o nombre geográfico como elemento de entrada Microencapsulación
Fuente del encabezamiento o término atg
650 13 - PUNTO DE ACCESO ADICIONAL DE MATERIA--TÉRMINO DE MATERIA
Término de materia o nombre geográfico como elemento de entrada Productos lácteos fermentados
Subdivisión general Propiedades rheológicas
Fuente del encabezamiento o término atg
650 13 - PUNTO DE ACCESO ADICIONAL DE MATERIA--TÉRMINO DE MATERIA
Término de materia o nombre geográfico como elemento de entrada Viscoelasticidad
Fuente del encabezamiento o término atg
650 13 - PUNTO DE ACCESO ADICIONAL DE MATERIA--TÉRMINO DE MATERIA
Término de materia o nombre geográfico como elemento de entrada Fermented dairy products
Subdivisión general Rheological properties
Fuente del encabezamiento o término atg
650 13 - PUNTO DE ACCESO ADICIONAL DE MATERIA--TÉRMINO DE MATERIA
Término de materia o nombre geográfico como elemento de entrada Grapeseed oil
Fuente del encabezamiento o término atg
650 13 - PUNTO DE ACCESO ADICIONAL DE MATERIA--TÉRMINO DE MATERIA
Término de materia o nombre geográfico como elemento de entrada Microencapsulation
Fuente del encabezamiento o término atg
650 13 - PUNTO DE ACCESO ADICIONAL DE MATERIA--TÉRMINO DE MATERIA
Término de materia o nombre geográfico como elemento de entrada Viscoelasticity
Fuente del encabezamiento o término atg
700 1# - PUNTO DE ACCESO ADICIONAL--NOMBRE DE PERSONA
Nombre de persona Aguirre Mandujano, Eleazar
Término indicativo de función/relación director
700 1# - PUNTO DE ACCESO ADICIONAL--NOMBRE DE PERSONA
Nombre de persona Nieto Angel, Raúl
Término indicativo de función/relación asesor
700 1# - PUNTO DE ACCESO ADICIONAL--NOMBRE DE PERSONA
Nombre de persona Pérez Alonso, César
Término indicativo de función/relación asesor
700 1# - PUNTO DE ACCESO ADICIONAL--NOMBRE DE PERSONA
Nombre de persona Zavaleta Mancera, Hilda Araceli
Término indicativo de función/relación asesora
856 41 - LOCALIZACIÓN Y ACCESO ELECTRÓNICOS
Identificador Uniforme del Recurso <a href="http://10.13.5.2/tesis/sist108607.pdf">http://10.13.5.2/tesis/sist108607.pdf</a>
Texto de enlace DESCARGAR PDF
901 ## - ELEMENTOS DE DATOS A LOCAL LDA (RLIN)
a TESIS C84 2012
942 ## - ELEMENTOS DE PUNTO DE ACCESO ADICIONAL (KOHA)
Tipo de ítem Koha TESIS
Fuente del sistema de clasificación o colocación Clasificación Universidad Autónoma Chapingo
902 ## - ELEMENTOS DE DATOS B LOCAL, LDB (RLIN)
a M
905 ## - ELEMENTOS DE DATOS E LOCAL, LDE (RLIN)
a 5232272012 MX NMDL8223123322SPA16
Holdings
Estado de retiro Estado de pérdida Fuente del sistema de clasificación o colocación Estado dañado Restricciones de uso No para préstamo Código de colección Localización permanente Ubicación/localización actual Fecha de adquisición Fuente de adquisición Total de préstamos Signatura topográfica completa Código de barras Fecha visto por última vez Fecha del último préstamo Número de copia Precio válido a partir de Tipo de ítem Koha Ubicación en estantería
    Clasificación Universidad Autónoma de Chapingo   Préstamo 5 días   Tesis Ingenieria Agroindustrial Ingenieria Agroindustrial 18/01/2022 El autor 1 Tesis C84 2012 1101010476 24/09/2024 24/09/2024 Ej. 2 18/01/2022 CD  
    Clasificación Universidad Autónoma de Chapingo   Préstamo interno   Tesis Ingenieria Agroindustrial Ingenieria Agroindustrial 18/01/2022 El autor   Tesis C84 2012 1101010475 18/01/2022   Ej. 1 18/01/2022 CD  
    Clasificación Universidad Autónoma de Chapingo       Tesis digitales de Maestría Ingenieria Agroindustrial Ingenieria Agroindustrial 12/09/2024 El autor     1201010475 12/09/2024     12/09/2024 Tesis digital En línea